ბათუმის შოთა რუსთაველის სახელმწიფო უნივერსიტეტის ბიბლიოთეკა

ბათუმის მხარის მოკლე ისტორიული ნარკვევი : (ბიბ.ჩანაწერი № 59632)

000 -ლიდერი
ფიქსირებული სიგრძის საკონტროლო ველი 01260nam a22002057a 4500
003 - საკონტროლო ნომრის იდენტიფიკატორი
საკონტროლო ველი Ge_BSU
005 - ბოლო ოპერაციის თარიღი და დრო
საკონტროლო ველი 20230324162442.0
008 - ფიქსირებული სიგრძის მონაცემთა ელემენტები - ზოგადი ინფორმაცია
ფიქსირებული სიგრძის საკონტროლო ველი 230324s2023 ge ||||| |||| 00| 0 geo d
020 ## - წიგნის საერთაშორისო სტანდარტული ნომერი
International Standard Book Number 9789941334481
041 ## - ენის კოდი
Language code of text/sound track or separate title geo
080 ## - უნივერსალური ათობითი კლასიფიკაციის ინდექსი
Universal Decimal Classification number 001(470)(092):94(479.22.22) დ- 37
100 ## - მთავარი ჩანაწერი - პიროვნების სახელი
Personal name დერჟავინი, ნ. ს.
9 (RLIN) 17253
245 ## - ცნობა სათაურის შესახებ
Title ბათუმის მხარის მოკლე ისტორიული ნარკვევი :
Remainder of title მ. ნიკოლაძის წიგნის მაღაზიის გამომცემლობა. წელი პირველი /
Statement of responsibility, etc ნ. ს. დერჟავინი; რუსულიდან თარგმნა მერაბ მეგრელიშვილმა; რედაქტორი რევაზ დიასამიძე.
264 ## - წარმოების, გამოცემის, დისტრიბუციის და სხვა ცნობები
გამოცემის, წარმოების, დისტრიბუციის... ადგილი ბათუმი:
გამოცემის, წარმოების, დისტრიბუციის... სახელწოდება უნუვერსალი,
გამოცემის, წარმოების, დისტრიბუციის... თარიღი 2023.
300 ## - ფიზიკური აღწერა
Extent 61 გვ.;
Other physical details 21 სმ.
653 ## - INDEX TERM--UNCONTROLLED
Uncontrolled term დერჟავინი ბათუმის შესახებ
700 ## - ADDED ENTRY--PERSONAL NAME
Personal name მეგრელიშვილი, მერაბი
Relator term მთარგმნელი
9 (RLIN) 17254
700 ## - ADDED ENTRY--PERSONAL NAME
Personal name დიასამიძე, რევაზ
Relator term რედაქტორი
9 (RLIN) 111
942 ## - ADDED ENTRY ELEMENTS (KOHA)
Source of classification or shelving scheme
Koha item type წიგნი
ეგზემპლარები
ჩამოწერის სტატუსი დაკარგული ეგზემპლარის სტატუსი კლასიფიკაციის წყარო ან თაროზე გაწყობის სქემა დაზიანების სტატუსი არ გაიცემა მუდმივი მდებარეობა (დაცვის ადგილი) ამჟამინდელი ადგილსამყოფელი თაროზე განთავსების ადგილი შეძენის თარიღი ღირებულება, შესყიდვის ნორმალური ფასი სრული შენახვის შიფრი შტრიხკოდი ბოლო ოპერაციის თარიღი ეგზემპლარის მიმდევრობითი ნომერი (კეტერი?) ფასის ძალაში შესვლის თარიღი ეგზემპლარის სახეობა საჯარო შენიშვნა Uniform Resource Identifier
          ბათუმის შოთა რუსთაველის სახელმწიფო უნივერსიტეტის მთავარი ბიბლიოთეკა ბათუმის შოთა რუსთაველის სახელმწიფო უნივერსიტეტის მთავარი ბიბლიოთეკა წიგნსაცავი 2023-03-24 5.00 001(470)(092):94(479.22.22) დ- 37 64075 2023-03-24 64075 2023-03-24 წიგნი 5 ლ.  
          ბათუმის შოთა რუსთაველის სახელმწიფო უნივერსიტეტის მთავარი ბიბლიოთეკა ბათუმის შოთა რუსთაველის სახელმწიფო უნივერსიტეტის მთავარი ბიბლიოთეკა წიგნსაცავი 2023-03-24 5.00 001(470)(092):94(479.22.22) დ- 37 64076 2023-03-24 64076 2023-03-24 წიგნი 5 ლ.  
          ბათუმის შოთა რუსთაველის სახელმწიფო უნივერსიტეტის მთავარი ბიბლიოთეკა ბათუმის შოთა რუსთაველის სახელმწიფო უნივერსიტეტის მთავარი ბიბლიოთეკა წიგნსაცავი 2025-01-24 5.00 001(470)(092):94(479.22.22) დ- 37 70401 2025-01-24 70401 2025-01-24 წიგნი 5.00 ნაჩუქარი